Dictionary of Chinese communist agricultural terminology = [Zhong gong nong ye yong yu ciu dian] /

Gardado en:
Detalles Bibliográficos
Autor Principal: Wong, Sybil
Formato: Libro
Idioma:English
Chinese
Publicado: Hong Kong : Union Research Institute, c1968.
Subjects:
LEADER 01174cam a2200289 a 4500
001 c000262041
003 CARM
005 20070606101356.0
008 871112s1968 hk a d 001 0 eng
010 |a 87203433 
019 1 |a 15690131  |z .b26501545  |z 5086253  |z 5818866  |z 6035792  |5 LACONCORD2021 
035 |a (OCoLC)732881  |5 LACONCORD2021 
040 |a DLC  |b eng  |c DLC  |d DLC  |d LC 
041 0 |a eng  |a chi 
050 0 0 |a S411  |b .W815 1968 
100 1 |a Wong, Sybil. 
245 1 0 |a Dictionary of Chinese communist agricultural terminology =  |b [Zhong gong nong ye yong yu ciu dian] /  |c compiled and translated by Sybil Wong. 
246 3 |a Zhong gong nong ye yong yu ciu dian 
260 |a Hong Kong :  |b Union Research Institute,  |c c1968. 
300 |a 555, 17 p. :  |b ill. ;  |c 23 cm. 
500 |a Chinese and English. 
500 |a Includes index. 
650 0 |a Agriculture  |v Dictionaries  |x Chinese. 
650 0 |a Chinese language  |v Dictionaries  |x English. 
852 8 |b CARM  |h A1:AP24G0  |i B07899  |p 0377346  |f BK 
999 f f |i 14668bad-317f-5ea7-ad8e-5facbc588a8f  |s 2fd652c6-15a4-5650-ae46-98a163e3e6b5 
952 f f |p Can circulate  |a CAVAL  |b CAVAL  |c CAVAL  |d CARM 1 Store  |e B07899  |f A1:AP24G0  |h Other scheme  |i book  |m 0377346